| 000 | 00495cam a22002171 4500 | ||
|---|---|---|---|
| 001 | sa 67003888 | ||
| 003 | DLC | ||
| 005 | 20260227112342.0 | ||
| 008 | 900122s1965 ii 000 0 urdr | ||
| 010 | _asa 67003888 | ||
| 035 | _a(OCoLC)20938243 | ||
| 040 |
_aDLC _cWaU _dDLC |
||
| 042 | _apremarc | ||
| 050 | 0 | 0 |
_aBJ1185.U7 _bK5 |
| 100 | 1 | _aKhan, Yusuf Husain. | |
| 245 | 1 | 0 | _aKārvān-i fikr. |
| 260 | _c[1965] | ||
| 300 |
_a198 p. _c19 cm. |
||
| 500 | _aIn Urdu. | ||
| 650 | 0 | _aEthics. | |
| 999 |
_c74148 _d74148 |
||